Loading...
| History - American | 0 | 3 | 1 | 1 | 25 | 106 | 116.33 | 0 | 2 | 3.93 | 15.00 |
| Science - Biology | 0 | 2 | 0 | 2 | 20 | 106 | 113.00 | 1 | 2 | 0.44 | 10.00 |
| Pop Culture | 1 | 0 | 0 | 0 | 15 | 32 | 32.00 | 1 | 1 | 26.08 | 33.33 |
| Mythology | 0 | 1 | 0 | 0 | 10 | 108 | 108.00 | 0 | 1 | 1.51 | 5.56 |
| Religion | 0 | 1 | 0 | 1 | 10 | 136 | 136.00 | 1 | 1 | 0.16 | 5.56 |
| Literature - European | 0 | 0 | 0 | 0 | 0 | 0.00 | 0 | 0 | 0.00 | 0.00 | |
| Fine Arts - Other | 0 | 0 | 1 | 0 | -5 | 0.00 | 0 | 0 | 0.00 | 0.00 | |
| Other Academic | 0 | 0 | 1 | 0 | -5 | 0.00 | 0 | 0 | 0.00 | 0.00 | |
| Literature - American | 0 | 0 | 1 | 0 | -5 | 0.00 | 0 | 0 | 0.00 | 0.00 | |
| History - Other | 0 | 0 | 1 | 0 | -5 | 0.00 | 0 | 0 | 0.00 | 0.00 |